[Event "Ambalangoda Dhamso op 8th"]
[Site "Ambalangoda"]
[Date "2018.04.19"]
[Round "2"]
[White "Thanuja, Dewsara"]
[Black "Silva, Kevin Ranidu"]
[Result "0-1"]
[WhiteElo "1155"]
[BlackElo "1757"]
[PlyCount "66"]
[EventDate "2018.04.19"]
[EventType "swiss"]
[EventRounds "9"]
[EventCountry "SRI"]
[SourceTitle "CBM 184 Extra"]
[Source "ChessBase"]
[SourceDate "2018.06.28"]
[SourceVersion "1"]
[SourceVersionDate "2018.06.28"]
[SourceQuality "1"]

1. d4 Nf6 2. Nf3 d5 3. Bf4 c5 4. e3 Nc6 5. c3 Qb6 6. b3 Bg4 7. Nbd2 cxd4 8. exd4 Nh5 9. Be3 Qc7 10. Rc1 e5 11. h3 Bxf3 12. Qxf3 Nf6 13. Bb5 e4 14. Qf5 Ba3 15. Rc2 0-0 16. Bg5 Ne7 17. Qf4 Bd6 18. Qe3 Nf5 19. Qe2 Nxd4 20. cxd4 Qxc2 21. 0-0 a6 22. Bxf6 gxf6 23. Bd7 Kh8 24. Bf5 Rg8 25. Qh5 Rg7 26. Qh6 Rag8 27. g4 Bf8 28. Kh2 Qc3 29. Qe3 Qxe3 30. fxe3 Bb4 31. Nb1 h5 32. Rf2 hxg4 33. hxg4 Rd8 0-1